Los derechos humanos: proceso histórico /
| Autor principal: | |
|---|---|
| Formato: | Libro |
| Lenguaje: | español |
| Publicado: |
San José, C.R. :
EDUCA,
1997
|
| Colección: | Cuadernos educativos,
1 |
| Materias: |
MARC
| LEADER | 00000nam a2200000Ia 4500 | ||
|---|---|---|---|
| 008 | 170919b1997 cr ||||| |||| 00| | spa d | ||
| 999 | |c 976 |d 976 | ||
| 020 | |a 9977302758 | ||
| 090 | |a 04.02.01 |b 559 | ||
| 100 | 1 | |a Sagastume Gemmell, Marco Antonio |9 3160 | |
| 245 | 1 | 4 | |a Los derechos humanos: proceso histórico / |c Marco Antonio Sagastume Gemmell |
| 260 | |a San José, C.R. : |b EDUCA, |c 1997 | ||
| 300 | |a 104 páginas | ||
| 490 | |a Cuadernos educativos, |v 1 | ||
| 650 | 1 | 4 | |a DERECHOS HUMANOS |9 588 |
| 650 | 1 | 4 | |a HISTORIA |9 22 |
| 942 | |i 00506 |h 04.02.01 559 |2 z |c 01 | ||
